<?xml version="1.0" encoding="UTF-8"?><?xml-stylesheet type="text/xsl" href="static/style.xsl"?><OAI-PMH xmlns="http://www.openarchives.org/OAI/2.0/" xmlns:xsi="http://www.w3.org/2001/XMLSchema-instance" xsi:schemaLocation="http://www.openarchives.org/OAI/2.0/ http://www.openarchives.org/OAI/2.0/OAI-PMH.xsd"><responseDate>2026-04-17T14:31:50Z</responseDate><request verb="GetRecord" identifier="oai:www.recercat.cat:10256/27852" metadataPrefix="marc">https://recercat.cat/oai/request</request><GetRecord><record><header><identifier>oai:recercat.cat:10256/27852</identifier><datestamp>2025-12-05T06:02:28Z</datestamp><setSpec>com_2072_452955</setSpec><setSpec>com_2072_2054</setSpec><setSpec>col_2072_453063</setSpec></header><metadata><record xmlns="http://www.loc.gov/MARC21/slim" xmlns:dcterms="http://purl.org/dc/terms/" xmlns:xsi="http://www.w3.org/2001/XMLSchema-instance" xmlns:doc="http://www.lyncode.com/xoai" xsi:schemaLocation="http://www.loc.gov/MARC21/slim http://www.loc.gov/standards/marcxml/schema/MARC21slim.xsd">
   <leader>00925njm 22002777a 4500</leader>
   <datafield ind2=" " ind1=" " tag="042">
      <subfield code="a">dc</subfield>
   </datafield>
   <datafield ind2=" " ind1=" " tag="720">
      <subfield code="a">Morote Sánchez, Bartolomé</subfield>
      <subfield code="e">author</subfield>
   </datafield>
   <datafield ind2=" " ind1=" " tag="720">
      <subfield code="a">Colomer, Jordi</subfield>
      <subfield code="e">author</subfield>
   </datafield>
   <datafield ind2=" " ind1=" " tag="720">
      <subfield code="a">Soler i Ortega, Marianna</subfield>
      <subfield code="e">author</subfield>
   </datafield>
   <datafield ind2=" " ind1=" " tag="720">
      <subfield code="a">Gilabert, Javier</subfield>
      <subfield code="e">author</subfield>
   </datafield>
   <datafield ind2=" " ind1=" " tag="720">
      <subfield code="a">Rodellas, Valentí</subfield>
      <subfield code="e">author</subfield>
   </datafield>
   <datafield ind2=" " ind1=" " tag="720">
      <subfield code="a">Garcia-Orellana, Jordi</subfield>
      <subfield code="e">author</subfield>
   </datafield>
   <datafield ind2=" " ind1=" " tag="720">
      <subfield code="a">Serra Putellas, Teresa</subfield>
      <subfield code="e">author</subfield>
   </datafield>
   <datafield ind2=" " ind1=" " tag="260">
      <subfield code="c">2025-06-15</subfield>
   </datafield>
   <datafield ind2=" " ind1=" " tag="520">
      <subfield code="a">Aquatic environments are highly polluted due to the anthropogenic pressures associated with large populations. Among these ecosystems, coastal lagoons are particularly sensitive to anthropogenic disturbances. The Mar Menor is an example of such an ecosystem, with an extremely degraded status with high levels of anthropogenic eutrophication. As a consequence, reduced dissolved oxygen levels have been observed in this lagoon following episodic wind events that induce mixing and resuspension of bottom sediments, leading to catastrophic consequences for fish populations. Therefore, understanding the processes that control the oxygen depletion in lagoon waters is thus essential to appropriately manage the ecosystem. This study analyses oxygen consumption in the water column associated with sediment resuspension events induced by wind. The study was carried out in a laboratory, where mixing was induced using an oscillating grid device. The range of mixing intensities were selected to be close to the turbulence encountered in the lagoon's field conditions. The resuspended sediment used for the experiments had been taken from the bed of the Mar Menor at three sampling sites. The results of this study indicate that oxygen depletion in the water column during mixing increases with the amount of sediment resuspended, the mean diameter of the particles and the organic matter content in the sediment bed. Data on oxygen depletion in coastal lagoons, estuaries, seas, and reservoirs were then used to develop a predictive model for oxygen depletion, based on the concentration of resuspended sediment, its characteristic particle diameter, and the organic matter content of the sediment bed. Organic matter content was found to be the most significant factor contributing to oxygen depletion. The resulting model determines the oxygen depletion associated to sediment resuspension events with sediments affected by anthropogenic eutrophication</subfield>
   </datafield>
   <datafield ind2=" " ind1=" " tag="520">
      <subfield code="a">This research is financed in part by the Fundación Séneca under grant 21835/FPI/22 for the training of B.M. research personnel. This work is conducted in the framework of the WINDERS project (TED2021-130710B-I00) funded by MCIN/AEI/10.13039/501100011033 and by European Union NextGenerationEU/PRTR.)This study is part of the THINKINAZUL programme and was supported by MICIU with funding from European Union NextGenerationEU (PRTR-C17.I1) and by Fundación Séneca with funding from Comunidad Autónoma Región de Murcia (CARM)”</subfield>
   </datafield>
   <datafield ind1="8" ind2=" " tag="024">
      <subfield code="a">http://hdl.handle.net/10256/27852</subfield>
   </datafield>
   <datafield tag="653" ind2=" " ind1=" ">
      <subfield code="a">Sedimentació</subfield>
   </datafield>
   <datafield tag="653" ind2=" " ind1=" ">
      <subfield code="a">Sedimentation and deposition</subfield>
   </datafield>
   <datafield tag="653" ind2=" " ind1=" ">
      <subfield code="a">Microcontaminants</subfield>
   </datafield>
   <datafield tag="653" ind2=" " ind1=" ">
      <subfield code="a">Micropollutants</subfield>
   </datafield>
   <datafield tag="653" ind2=" " ind1=" ">
      <subfield code="a">Corrent de terbolesa</subfield>
   </datafield>
   <datafield tag="653" ind2=" " ind1=" ">
      <subfield code="a">Turbidity currents</subfield>
   </datafield>
   <datafield ind2="0" ind1="0" tag="245">
      <subfield code="a">Aquatic deoxygenation associated with resuspension of anthropogenic organic matter</subfield>
   </datafield>
</record></metadata></record></GetRecord></OAI-PMH>